| 000 | 00616nam a2200217 u 4500 | ||
|---|---|---|---|
| 005 | 20220603063751.0 | ||
| 008 | 181015s2007 es r 000 0 spa d | ||
| 020 | _a9788424119119 | ||
| 035 | _aUPN01000227242 | ||
| 049 | _aI | ||
| 050 | 4 |
_aPZ73 _bS2.36 |
|
| 100 | 1 |
_aSayalero, Myriam _940098 |
|
| 245 | 1 | 3 |
_aEl enano saltarín / _bMyriam Sayalero ; il. por Ada García. |
| 260 |
_aLeón, Esp. : _bEverest, _c2007. |
||
| 300 |
_a[15] p. : _bil. col. |
||
| 440 | 0 | _aGirasol | |
| 650 | 4 |
_aCuentos infantiles _96744 |
|
| 650 | 4 |
_aDUENDES - _vLITERATURA INFANTIL _911154 |
|
| 905 | _aInfantil | ||
| 999 |
_c199338 _d199338 |
||